| 000 | 00501nam a2200181Ia 4500 | ||
|---|---|---|---|
| 999 |
_c22799 _d22799 |
||
| 003 | OSt | ||
| 005 | 20200323151104.0 | ||
| 008 | 190216s9999||||xx |||||||||||||| ||und|| | ||
| 020 | _a9788171512379 | ||
| 040 | _coclc | ||
| 082 |
_a297 _bALI/S |
||
| 100 |
_aAli, Syed Ameer _92190 |
||
| 245 | 4 |
_aThe Spirit Of Islam / _cSyed Ameer Ali |
|
| 260 |
_bKitab Bhavan, _c2005. _aNew Delhi: |
||
| 300 | _a412p | ||
| 650 | _aIslamic History | ||
| 942 |
_cBK _2ddc _h297 _iALI/S _k297 _mALI/S |
||